Нахчыван МССР абидәләри (Запись № 13473833)

Подробности
000 -МАРКЕР
контрольное поле 00932nam0a2200265 4500
001 - ИДЕНТИФИКАТОР ЗАПИСИ
контрольное поле RU\NLR\ONL2\15056
005 - ИДЕНТИФИКАТОР ВЕРСИИ
контрольное поле 20251203143327.0
035 ## - ДРУГИЕ СИСТЕМНЫЕ НОМЕРА
Идентификатор записи (NLR Aleph) 009662641
100 ## - ДАННЫЕ ОБЩЕЙ ОБРАБОТКИ
Данные общей обработки 20091007d1951 u y0rusy50 ca
101 0# - ЯЗЫК РЕСУРСА
Язык текста, звукозаписи и т.д. азербайджанский
-- русский
102 ## - СТРАНА ПУБЛИКАЦИИ ИЛИ ПРОИЗВОДСТВА
Страна публикации Азербайджан
105 ## - ПОЛЕ КОДИРОВАННЫХ ДАННЫХ: ТЕКСТОВЫЕ МАТЕРИАЛЫ, МОНОГРАФИЧЕСКИЕ
Кодированные данные о монографическом текстовом документе a |||||||||
200 1# - ЗАГЛАВИЕ И СВЕДЕНИЯ ОБ ОТВЕТСТВЕННОСТИ
Основное заглавие Нахчыван МССР абидәләри
Параллельное заглавие Памятники Нахичеванской АССР
Первые сведения об ответственности Л. С. Бретаницкий, Ә. В. Саламзадэ
Последующие сведения об ответственности АзССР ЭА. Ме'марлыгы ин-ту
210 ## - ПУБЛИКАЦИЯ, РАСПРОСТРАНЕНИЕ И ДР.
Место издания, распространения и т.д. Бакы
Имя издателя, распространителя и т. д. АзССР ЭА нэшр.
Дата издания, распространения и т.д. 1951
215 ## - ФИЗИЧЕСКАЯ ХАРАКТЕРИСТИКА
Специфическое обозначение материала и объем 40,[6] с., [13] л. ил.
Другие сведения о физической характеристике ил.
Размеры 20
700 #1 - ИМЯ ЛИЦА - ПЕРВИЧНАЯ ОТВЕТСТВЕННОСТЬ
Начальный элемент ввода Бретаницкий
Часть имени, кроме начального элемента ввода Л. С.
Код отношения Автор
701 #1 - ИМЯ ЛИЦА - АЛЬТЕРНАТИВНАЯ ОТВЕТСТВЕННОСТЬ
Начальный элемент ввода Саламзадэ
Часть имени, кроме начального элемента ввода Э. В.
Код отношения Автор
801 #0 - ИСТОЧНИК ЗАПИСИ
Страна Российская Федерация
Организация NLR
Дата составления 20091007
Правила каталогизации PSBO
852 ## - МЕСТОНАХОЖДЕНИЕ И ШИФР ХРАНЕНИЯ
Идентификатор организации NLR
Наименование фонда или коллекции (Sub-Location Identifier) ОНЛ
Шифр хранения (Call Number) Азерб./2-5825
942 ## - ДОПОЛНИТЕЛЬНЫЕ ЭЛЕМЕНТЫ ЗАПИСИ (АБИС)
Тип экземпляра АБИС Книга
980 ## - КОЛЛЕКЦИЯ
Название коллекции Каталог книг на языках народов РФ и стран СНГ
980 ## - КОЛЛЕКЦИЯ
Название коллекции Национальная библиография

Нет доступных экземпляров.